Militär rang Quiz - Statistiken

Allgemein
  • Dieses Quiz wurde 121 mal gespielt
  • Das Durchschnittsergebnis liegt bei 17 aus 25
Antwortstatistiken
Hint Antwort % Korrekt
1 usa
99%
3 china
97%
2 russland
97%
19 deutschland
92%
11 frankreich
89%
4 indien
88%
10 italien
81%
7 japan
81%
20 spanien
80%
5 südkorea
77%
6 vereinigtes königreich
77%
12 brasilien
72%
9 pakistan
72%
14 iran
66%
21 polen
63%
17 israel
61%
15 ägypten
57%
18 ukraine
57%
16 australien
56%
8 türkei
53%
23 saudiarabien
48%
13 indonesien
44%
24 taiwan
34%
22 vietnam
34%
25 thailand
33%
Keine übereinstimmenden Quizze gefunden
Verteilung der Resultate
Anzahl Personen mit jedem Resultat
Perzentil nach korrekt beantworteten Fragen
Ihre Resultats-Entwicklung
Sie haben dieses Quiz noch nicht gespielt